000 00341nam a22001457a 4500
008 230629b ||||| |||| 00| 0 eng d
020 _a9781284078107
041 _aeng
080 _a610.73
082 _a610.73LEW
100 _a7
101 _aINF
245 _aPRACTICING PRIMARY HEALTH CARE IN NURSING
_cLEWENSON.B.S
942 _2udc
_cBK
999 _c60059
_d60059